LEADER 01272nam a2200277 i 4500 001 000000351947 003 CaOOAMICUS 005 20230310115054.0 008 221019s2022 fr u000 u fre u 020 $a978-2-204-14702-6 040 $aSeMil$bita 041 1 $afre$asyr 100 0 $aDadi?o Qa?raya ,$d.$0(OLS)http://semarc/name/116674 245 10$aTome 1. (Première partie) /$cDadisho? Qatraya. 264 1$aParis :$bLes Éditions du Cerf,$c2022. 300 $a503 p., [1] carta di tav. :$bc. geogr. ;$c20 cm 490 1 $aSources chrétiennes ;$v626 773 0 $aDadi?o Qa?raya $tCommentaire sur le paradis des Pères.$dParis : Les Éditions du Cerf, 2022.$kSources chrétiennes$g1$w()351946 830 0$aSources chrétiennes ;$v626.$0(OLS)http://semarc/title/72 850 $aSeMil 852 $aSeMil$W1$xVenegono$y1$mSL1.U III 626$j234888$B243124$CSeMilBibl$Z2$F243124 $8I 961 $aRilegatura [Cooperativa Legatoria "Il Borgo", doc. 14/03/2023] 996 $6020$a978-2-204-14702-6$9(OLS)http://semarc/number/297746 996 $6245$aTome 1. (Première partie)$9(OLS)http://semarc/title/443057 996 $6264$aParis :$bLes Éditions du Cerf$9(OLS)http://semarc/publisher/29611 LEADER 00937nam a2200217 i 4500 001 000000067339 003 CaOOAMICUS 005 20080725000000.0 008 080725s1973 gw u000 u ger u 013 $a38511 040 $aSeMil$bita 100 1 $aGrabbe, Christian Dietrich <1801-1836>.$0(OLS)http://semarc/name/1580 245 10$aBriefe 2. :$b1833-1836 /$cChristian Dietrich Grabbe. 260 $aDarmstadt :$bWissenschaftliche Buchgesellschaft,$c1973. 300 $a840 p., [1] ritr. ;$c22 cm. 773 0 $aGrabbe, Christian Dietrich <1801-1836>$tWerke und Briefe.$dEmsdetten (Westf.) : Lechte, 1960-1973.$g6$w()1741 850 $aSeMil 852 $aSeMil$W1$xVenegono$y1$m1W IV 111$j33492$B33492$CSeMilBibl$Z2$F33495 $81 961 $aOmaggio: Donazione 996 $6245$aBriefe 2. :$b1833-1836$9(OLS)http://semarc/title/107326 996 $6260$aDarmstadt :$bWissenschaftliche Buchgesellschaft$9(OLS)http://semarc/publisher/32002